| 000 | 00849nam a2200229 a 4500 | ||
|---|---|---|---|
| 001 | 84216 | ||
| 003 | BD-RjUL | ||
| 005 | 20241103123212.0 | ||
| 008 | 241103s2021 bg ||||| |||| 00| 0 ben d | ||
| 020 | _a9789849502135 | ||
| 035 | _a(BD-RjUL)84216 | ||
| 040 |
_aBD-RjUL _beng _cBD-RjUL |
||
| 041 | _aben | ||
| 082 |
_223 _a331.8 _bTAS 2021 |
||
| 100 |
_aতাহের, মো. আবু _914059 |
||
| 245 |
_a শ্রমিক শ্রেণী - মে দিবস ও শিল্প সম্পর্কের গতিধারা / _cমো. আবু তাহের |
||
| 260 |
_aঢাকা : _bআবীর পাবলিকেশন্স, _c২০২১ |
||
| 300 |
_a১৬০ পৃ.; _c২২ সেমি. |
||
| 650 |
_aশ্রমিক ইউনিয়ন _914060 |
||
| 650 |
_aLabor unions _914061 |
||
| 942 |
_2ddc _cBK |
||
| 999 |
_c84216 _d84216 |
||